La marque de voiture la plus vendue par régions - Statistiques

Statistiques générales
  • Ce quiz a été pris 50 fois
    49 depuis la dernière actualisation
  • Le résultat moyen est 6 sur 17
Statistiques - réponses
Question Réponse % Correct
Grand Est Peugeot
50%
Guyane Peugeot
44%
Normandie Renault
44%
Auvergne Rhône-Alpes Renault
44%
Provence-Alpes-Côte-D'azur Renault
44%
Hauts-de-France Renault
44%
Guadeloupe Peugeot
38%
Martinique Peugeot
38%
Corse Peugeot
38%
La Reunion Peugeot
38%
Nouvelle-Aquitaine Renault
38%
Bretagne Peugeot
31%
Centre-Val-de-Loire Renault
31%
Pays-de-la-Loire Renault
31%
Occitanie Renault
31%
Île-de-France Renault
25%
Mayotte Peugeot
19%
Aucun quiz correspondant
Distribution des résultats
% des personnes avec chaque résultat
Percentile par nombre de réponses
Votre historique - résultats
Vous n’avez pas pris ce quiz depuis la dernière actualisation